| 000 | 00721nam a22001937a 4500 | ||
|---|---|---|---|
| 005 | 20100730112439.0 | ||
| 010 | _aENG-97460 | ||
| 020 |
_a8189312006 _c100.00 |
||
| 035 | _aEN-80993 | ||
| 037 | _bDBAD/PUB | ||
| 082 | _a333.7924 | ||
| 245 |
_aThe koodankulam handbook / _cedited by S. P. Udayakumar |
||
| 260 |
_aNagercoil _bTranscend South Asia _c2004 |
||
| 270 |
_a42/27 Esanki Mani Veethy Parakki Road Junction _bNagercoil _e629002 |
||
| 300 |
_a382 p. _c24 cm (Pbk) |
||
| 700 |
_aUdayakumar, S. P. _91706 |
||
| 942 |
_2ddc _cEN _h333.7924 _mTHE |
||
| 999 |
_c38213 _d38213 |
||